Franz Von Liszt: teora̕ y prc̀tica en la polt̕ica-criminal (1899-1919)

Bibliographic Details
Main Author: Elbert, Carlos
Format: eBook
Language:Spanish
Published: Barcelona: J.M. Bosch Editor, 2019
Subjects:
Online Access:Acceso restringido

MARC

LEADER 00000nam a22000007a 4500
005 2019041202022.0
007 cr|||| ||||
008 190412s2019 es |||||s|||| 00||0 spa d
020 |a 978-84-948990-7-2 
035 |a 23043 
040 |a vLex 
090 |c 8617  |d 8617 
100 1 |a Elbert, Carlos 
245 1 0 |a Franz Von Liszt: teora̕ y prc̀tica en la polt̕ica-criminal (1899-1919)  |h [Recurso electrn̤ico] /  |c Carlos Elbert 
256 |a Servicio en ln̕ea 
260 |a Barcelona:  |b J.M. Bosch Editor,  |c 2019 
300 |a 1 recurso electrn̤ico 
506 1 |a Disponible solo en los productos indicados  |d vLex Global  |d vLex Global (Academic Edition, excluding Law Schools)  |d vLex Global (U.S. Academic Edition, Law Schools)  |d vLex Global (U.S. Academic Edition, excluding Law Schools)  |d vLex Global (Academic Edition, Law Schools) 
650 0 4 |a Derecho Penal  |z Espaą 
740 0 |a vLex Libros (Servicio en ln̕ea) 
856 4 0 |u http://vlex.com/source/franz-von-liszt-teoria-practica-politica-criminal-1899-1919-23043  |z Acceso restringido 
942 |c BOOK 
999 0 |a Criminal law